000
00308nam a2200133Ia 4500
008
240624s9999 xx 000 0 und d
041
_a
eng
082
_a
823 GRI
100
_a
GRISHAM JOHN
245
_a
THEODORE BOONE KID LAWYER
260
_c
2011
_a
New York
_b
Puffin
300
_a
272 : p.
365
_c
_b
25
999
_c
18329
_d
18329